Najbardziej Kupywane Ciągniki 2022 - Statystyki

Ogólne statystyki
  • Ten quiz został rozwiązany 141 razy
  • Średni wynik to 7 z 10
Statystyki odpowiedzi
Liczba Rejestracji Marka Ciągnika % Poprawnych
1550 New Holland
96%
1338 Claas
90%
1338 John Deere
89%
1338 Case
86%
1338 Zetor
86%
1338 Massey Ferguson
74%
1338 Deutz Fahr
61%
1338 Valtra
56%
884 Kubota
55%
1338 Farmtrac
26%
Nie znaleziono quizów pasujących do podanych kryteriów
Rozkład punktacji
Procent ludzi z każdym wynikiem
Percentyl według liczby udzielonych odpowiedzi
Twoja historia wyników
Nie rozwiązałeś tego quizu